Parting Shots V Quiz Stats

Quiz Updated Jun 24, 2012

Challenge
Share
Tweet
Score 0/20 Timer 05:00
4 Plays Today
Movie % Correct
The Incredibles
93.5%
Sherlock Holmes
83.4%
The Graduate
62.4%
Meet the Parents
59.1%
Cast Away
52.2%
Big
50.4%
Wallace & Gromit in the Curse of the Were-Rabbit
41.9%
Iron Man 2
40.7%
The Princess Bride
40%
War Games
36.8%
Movie % Correct
Austin Powers in Goldmember
33.3%
True Grit
23%
The Exorcist
20.4%
Tangled
17.7%
The Lion, The Witch & the Wardrobe
16.6%
Terminator
15.9%
Indiana Jones and the Last Crusade
14%
12 Angry Men
13.3%
Breakfast at Tiffany's
12.4%
Hook
9.6%

You're not logged in!

Compare scores with friends on all Sporcle quizzes.
Sign Up with Email
OR
Log In

You Might Also Like...

Show Comments

Extras

Top Quizzes Today


Score Distribution

Your Account Isn't Verified!

In order to create a playlist on Sporcle, you need to verify the email address you used during registration. Go to your Sporcle Settings to finish the process.